Normal view
MARC view
Entry Nombre corporativo
001 - NÚMERO DE CONTROL
- campo de control: 12839
003 - IDENTIFICADOR DE NÚMERO DE CONTROL
- campo de control: OSt
005 - FECHA Y HORA DE LA ÚLTIMA TRANSACCIÓN
- campo de control: 20221005155545.0
008 - ELEMENTOS DE DATO DE LONGITUD-FIJA
- campo de control de longitud fija: 221005|| aca||aabn | a|a d
040 ## - FUENTE DE CATALOGACIÓN
- Centro catalogador/agencia de origen: OSt
- Centro/agencia transcriptor: OSt
110 ## - ENCABEZAMIENTO-NOMBRE DE ENTIDAD CORPORATIVA
- Nombre de entidad corporativa o nombre de jurisdicción como elemento de entrada: JORNADAS DE DISCRIMINACION EN EL ACCESO AL EMPLEO
- Sede del congreso/Lugar de la reunión: Jaén
- Fecha del congreso o de la firma del tratado: 2003
- Número del congreso/reunión o número de parte o sección: 3ª
670 ## - FUENTE DE DATOS ENCONTRADOS
- Cita de la fuente: Work cat.: (OSt)12918: JORNADAS DE DISCRIMINACION EN EL ACCESO AL EMPLEO Jaén 2003 3ª, <El> derecho a trabajar en igualdad :, D.L. 2004